000 01003nam a2200241Ia 4500
999 _c53275
_d53275
001 20316
003 GE_BSU
005 20200906143445.0
008 181216s1956||||ge |||||||||||||| ||geo||
040 _cGE_BSU
041 _ageo
080 _a811.353.1'35 ბ-29
100 _aბასილაია, ნ.
_98305
245 _aქართული მართლწერის ძირითადი საკითხები /
_cნ. ბასილაია ; რედ. ლ. დადიანი.
264 _aსოხუმი :
_bაფხაზეთის სახელგამი,
_c1956.
300 _a300 გვ. ;
_c21 სმ.
504 _aბიბლიოგრ. : გვ. 290-292
541 _h1 ლ.
653 _aქართული ენა
653 _aქართული მართლწერის ძირითადი საკითხები
700 _aდადიანი, ლ.
_eრედაქტორი
_99403
942 _cBK
_2udc